UBT Library

Pre-Columbian art and later Indian tribal arts. (Record no. 44280)

000 -LEADER
fixed length control field 00755cam a22002531 4500
001 - CONTROL NUMBER
control field 1702647
005 - DATE AND TIME OF LATEST TRANSACTION
control field 20180307044644.0
008 - FIXED-LENGTH DATA ELEMENTS--GENERAL INFORMATION
fixed length control field 700820s1968 nyuab b 000 0 eng
010 ## - LIBRARY OF CONGRESS CONTROL NUMBER
LC control number 68011509
040 ## - CATALOGING SOURCE
Original cataloging agency DLC
Transcribing agency DLC
Modifying agency DLC
041 ## - LANGUAGE CODE
Language code of text/sound track or separate title eng
043 ## - GEOGRAPHIC AREA CODE
Geographic area code n------
-- s------
051 ## - LIBRARY OF CONGRESS COPY, ISSUE, OFFPRINT STATEMENT
Classification number E59.A7
Item number A5 Copy 2
Copy information Provenance: Gift of Jay I. Kislak Foundation. Accompanying material laid in.
080 ## - UNIVERSAL DECIMAL CLASSIFICATION NUMBER
Universal Decimal Classification number 709.8 ANT
082 00 - DEWEY DECIMAL CLASSIFICATION NUMBER
Classification number 709.8 ANT
100 1# - Rafti
Rafti 44
101 ## - Shkurtesa
Shkurtesa ART
245 10 - TITLE STATEMENT
Title Pre-Columbian art and later Indian tribal arts.
Statement of responsibility, etc Texts by Ferdinand Anton and Frederick J. Dockstader.
504 ## - BIBLIOGRAPHY, ETC. NOTE
Bibliography, etc Bibliography: p. 258-261.
906 ## - LOCAL DATA ELEMENT F, LDF (RLIN)
a 7
b cbc
c orignew
d u
e ncip
f 19
g y-gencatlg
942 ## - ADDED ENTRY ELEMENTS (KOHA)
Source of classification or shelving scheme
Item type Books
Holdings
Withdrawn status Lost status Source of classification or shelving scheme Damaged status Not for loan Collection code Permanent location Current location Shelving location Date acquired Total Checkouts Full call number Barcode Date last seen Price effective from Koha item type
          Koleksioni i përgjithshem UBT - Lipjan UBT - Lipjan Koleksioni i përgjithshem 03/07/2018   709.8 ANT 002-3000693 03/07/2018 03/07/2018 Books
UBT Library © 2015-2024. All rights reserved University Education for Business and Technology